Bilecik Bilecik Bilecik Bilecik Bilecik

Ekonomik etkileri açısından Türkiye'de devlet borçları : (Record no. 19355)

MARC details
000 -BAŞLIK
Sabit Uzunluktaki Kontrol Alanı 01503nam a22003977a 4500
001 - KONTROL NUMARASI
Control Dosyası 0019398
003 - KONTROL NUMARASI KİMLİĞİ
Kontrol Alanı KOHA_MİRAKIL
005 - EN SON İŞLEM TARİHİ ve ZAMANI
Kontrol Alanı 20260207002233.0
007 - FİZİKSEL TANIM SABİT ALAN - GENEL BİLGİ
Sabit uzunluklu kontrol alanı ta
008 - SABİT UZUNLUKTAKİ VERİ ÖGELERİ - GENEL BİLGİ
Sabit Alan 100712b1992 tu |||gr||||#||||0|tur |
040 ## - KATALOGLAMA KAYNAĞI
Özgün Kataloglama Kurumu TR-BiSEU
Kataloglama Dili tur
Çeviri Kurumu TR-BiSEU
Açıklama Kuralları rda
041 0# - DİL KODU
Metin ya da ses kaydının dil kodu tur
044 ## - YAYINLAYAN/ÜRETEN KURULUŞUN ÜLKE KODU
ISO country code tu
050 ## - SINIFLAMA ve YER NUMARASI
Sınıflama Numarası HJ8770.7
Yer Numarası .E76 1992
100 1# - KİŞİ ADI
Yazar Adı (Kişi adı) Erol, Ahmet.
245 1# - ESER ADI BİLDİRİMİ
Başlık Ekonomik etkileri açısından Türkiye'de devlet borçları :
Alt Eseradı vb. 1981-1990/
Sorumluluk Bildirimi Ahmet Erol ; Ahmet Erol.
264 #1 - ÜRERİM, YAYIN, DAĞITIM ve TELİF BİLDİRİMİ
Yayın yeri Ankara :
Yayınlayan Maliye ve Gümrük Bakanlığı, Araştırma, Plânlama ve Koordinasyon Kurulu Başkanlığı
Yayın tarihi 1992
300 ## - FİZİKSEL TANIMLAMA
Sayfa, Cilt vb. 186 s. ;
Boyutları 24 cm.
336 ## - İÇERİK TÜRÜ
Content type term metin
Content type code txt
Source rdacontent
337 ## - MEDYA TÜRÜ
Media type term aracısız
Media type code n
Source rdamedia
338 ## - TAŞIYICI TÜRÜ
Carrier type term cilt
Carrier type code nc
Source rdacarrier
490 1# - DİZİ BİLDİRİMİ
Dizi Bildirimi Yayın / Maliye ve Gümrük Bakanlığı, Araştırma, Planlama ve Koordinasyon Kurulu Başkanlığı ;
Cilt Numarası no.
490 1# - DİZİ BİLDİRİMİ
Dizi Bildirimi 1992/324
500 ## - GENEL NOT
Genel Not Kaynakça var.
650 #0 - KONU BAŞLIĞI EK GİRİŞ - KONU TERİMİ
Konusal terim veya coğrafi ad Borçlar, Kamu--Türkiye.
9 (RLIN) 23881
650 #0 - KONU BAŞLIĞI EK GİRİŞ - KONU TERİMİ
Konusal terim veya coğrafi ad Borçlar, Dış--Türkiye.
9 (RLIN) 43534
650 #0 - KONU BAŞLIĞI EK GİRİŞ - KONU TERİMİ
Konusal terim veya coğrafi ad Maliye politikası--Türkiye.
9 (RLIN) 5870
650 #0 - KONU BAŞLIĞI EK GİRİŞ - KONU TERİMİ
Konusal terim veya coğrafi ad Türkiye--Ekonomik politika.
9 (RLIN) 8443
650 #0 - KONU BAŞLIĞI EK GİRİŞ - KONU TERİMİ
Konusal terim veya coğrafi ad Debts, Public--Turkey.
9 (RLIN) 43535
650 #0 - KONU BAŞLIĞI EK GİRİŞ - KONU TERİMİ
Konusal terim veya coğrafi ad Debts, External--Turkey.
9 (RLIN) 17179
650 #0 - KONU BAŞLIĞI EK GİRİŞ - KONU TERİMİ
Konusal terim veya coğrafi ad Fiscal policy--Turkey.
9 (RLIN) 5871
650 #0 - KONU BAŞLIĞI EK GİRİŞ - KONU TERİMİ
Konusal terim veya coğrafi ad Turkey--Economic policy.
9 (RLIN) 2265
830 1# - SERİ EK GİRİŞİ - TEKBİÇİM ESER ADI
Tekbiçim Başlık Yayın / Maliye ve Gümrük Bakanlığı, Araştırma, Planlama ve Koordinasyon Kurulu Başkanlığı ;
Volume number/sequential designation no.
9 (RLIN) 43536
830 1# - SERİ EK GİRİŞİ - TEKBİÇİM ESER ADI
Tekbiçim Başlık 1992/324
9 (RLIN) 18737
942 ## - EK GİRİŞ ÖGELERİ (KOHA)
Source of classification or shelving scheme Library of Congress Classification
Koha item type Book
Holdings
Materyal Türü Kalıcı Konum Mevcut Konum Sınıflandırma Kaynağı Edinim Bilgisi Ana Konular Alt Konular Yer Numarası Demirbaş Numarası Fatura Tarihi Geri Çekilme Durumu Kayıp Durumu Hasarlı Durumu Kredi için değil Kayıt Tarih Toplam Ödünçverme Son Görülme Tarihi Son Kontrol Tarihi Genel / Bağış Notu
Book BŞEÜ Gölpazarı MYO Kütüphanesi BŞEÜ Gölpazarı MYO Kütüphanesi Library of Congress Classification Bağış SOSYAL BİLİMLER Kamu Maliyesi HJ8770.7 .E76 1992 0019398 02/02/2026         12/07/2010   05/12/2024 05/12/2024 Genel Bağış